| 000 | 02105cam a2200397 a 4500 | ||
|---|---|---|---|
| 001 | hiddendangersofr00cumb | ||
| 003 | CaSfIA | ||
| 005 | 20210118100038.0 | ||
| 007 | cr|||| | ||
| 008 | 850131s1983 laua b 000 0 eng | ||
| 010 | _a 83080044 | ||
| 040 |
_aDLC _cDLC _dBAKER _dTBS _dBTCTA _dYDXCP _dHNW _dCaSfIA |
||
| 019 |
_a15171534 _a60066358 |
||
| 020 |
_a091031103X (pbk.) : _c$5.95 |
||
| 020 | _a9780910311038 (pbk.) | ||
| 035 |
_a(OCoLC)10038955 _z(OCoLC)15171534 _z(OCoLC)60066358 |
||
| 050 | 0 | 0 |
_aBF1042 _b.C93 1983 |
| 082 | 0 | 0 |
_a299/.93 _219 |
| 100 | 1 | _aCumbey, Constance E. | |
| 245 | 1 | 4 |
_aThe hidden dangers of the rainbow : _h[electronic resource] _bthe New Age movement and our coming age of barbarism / _cConstance E. Cumbey. |
| 260 |
_aShreveport, La. : _bHuntington House, _cc1983. |
||
| 300 |
_a268 p. : _bill. ; _c20 cm. |
||
| 504 | _aBibliography: p. 263-268. | ||
| 505 | 0 | _aMaitreya : the New Age Messiah -- Awakening to the New Age movement -- The age of Aquarius? Or the age of the Antichrist? -- The movement : a short history -- The movement : an overview -- The New Age and prophecy -- Structure and front organizations -- The New Age movement : the Fourth Reich? -- Infiltration, recruitment and conditioning -- A new age of Satanism? -- Deluded--or deceivers? -- The old lie : finding God within -- How to help New Agers. | |
| 650 | 0 | _aOccultism. | |
| 650 | 0 | _aTheosophy. | |
| 650 | 0 | _aNew Age movement. | |
| 856 | 4 | 1 |
_uhttp://www.archive.org/details/hiddendangersofr00cumb _zFree eBook from the Internet Archive |
| 856 | 4 | 2 |
_uhttp://www.openlibrary.org/books/OL3194145M _zAdditional information and access via Open Library |
| 029 | 1 |
_aNLGGC _b056705506 |
|
| 029 | 1 |
_aNZ1 _b2951217 |
|
| 029 | 1 |
_aAU@ _b000003848899 |
|
| 942 | _cEB | ||
| 506 | _fНеобхідна авторизація на https://archive.org/ (створення облікового запису безкоштовно) | ||
| 506 | _fНеобхідна авторизація на https://openlibrary.org/ (створення облікового запису безкоштовно) | ||
| 999 |
_c506385 _d506385 |
||